| 000 | 00888nam a22002535i 4500 | ||
|---|---|---|---|
| 001 | 176528 | ||
| 003 | ES-MaACL | ||
| 005 | 20230906220116.0 | ||
| 008 | 110120s1939 sp a |||| | spa d | ||
| 080 | _a821.134.2-22"19" | ||
| 100 | 1 |
_aPérez Fernández, Pedro. _990862 |
|
| 245 | 1 | 0 |
_aMi niña _b: comedia en tres actos / _cPedro Pérez Fernández y Antonio Quintero. |
| 260 |
_aMadrid : _b[s. n., _c1939?] |
||
| 300 |
_a71 p. : _bil. bl. y n. ; _c17 cm. |
||
| 490 | 1 |
_aBiblioteca teatral ; _v6 |
|
| 500 | _aAnteportada ilustrada. | ||
| 500 | _aEn port. : Estrenada en el Teatro de la Comedia, de Madrid, el 7 de diciembre de 1939. | ||
| 500 | _aEncuadernado con otros títulos. | ||
| 597 | _aEn el lomo: 2-15. | ||
| 700 | 0 |
_aQuintero, Antonio. _994718 |
|
| 830 | 0 |
_aBiblioteca teatral ; _v6 _9190120 |
|
| 852 |
_aES-MaACL _jE-14121 (6) _xOlim P-302 |
||
| 999 |
_c176528 _d176528 |
||